| 000 | 00411cam a2200169ua 4500 | ||
|---|---|---|---|
| 041 |
_aeng _h |
||
| 082 |
_a823.308 _bSTE/BL |
||
| 100 | _aStevenson, Robet Louis. | ||
| 245 |
_aBlack Arrow / _cR L Stevenson. _hTextual Documents |
||
| 260 |
_aLondon : _bBlackie & Son Limited , _c1963. |
||
| 300 | _a186 ; . | ||
| 504 | _a | ||
| 942 | _cBK | ||
| 999 |
_c983 _d983 |
||